000
00211nam a22000977a 4500
082
_a
355 GIL'
100
_a
GILLANI, MUKHTAR AHMED
_9
75891
245
_a
GIL'
260
_a
RAWALPINDI
_b
AULQALUM
_c
1981
942
_c
BK
999
_c
581302
_d
581302